000
00310 a2200133 4500
000
nam a22 7a 4500
100
_a
Baret, John
110
_a
Baret, John
245
_a
Hydrology and Water Resources
250
_a
Latest edition
260
_b
PINAKIN
_c
2025
264
_b
PINAKIN
_c
2025
942
_c
BK
999
_c
396812
_d
396812